Cyril Lecosse, Jean-Baptiste Isabey. Petits portraits et grands desseins, préf. Philippe Bordes, Paris, CTHS, INHA, coll. “L’Art et l’Essai”, 2018, 327 p., 48 ill. noir et blanc, XXXI ill. couleur (notice n° 1635745)
[ vue normale ]
| 000 -LEADER | |
|---|---|
| fixed length control field | 00644cam a2200145 4500500 |
| 005 - DATE AND TIME OF LATEST TRANSACTION | |
| control field | 20260111142223.0 |
| 041 ## - LANGUAGE CODE | |
| Language code of text/sound track or separate title | fre |
| 042 ## - AUTHENTICATION CODE | |
| Authentication code | dc |
| 100 10 - MAIN ENTRY--PERSONAL NAME | |
| Personal name | Moureau, François |
| Relator term | author |
| 245 00 - TITLE STATEMENT | |
| Title | Cyril Lecosse, Jean-Baptiste Isabey. Petits portraits et grands desseins, préf. Philippe Bordes, Paris, CTHS, INHA, coll. “L’Art et l’Essai”, 2018, 327 p., 48 ill. noir et blanc, XXXI ill. couleur |
| 260 ## - PUBLICATION, DISTRIBUTION, ETC. | |
| Date of publication, distribution, etc. | 2019.<br/> |
| 500 ## - GENERAL NOTE | |
| General note | 1 |
| 786 0# - DATA SOURCE ENTRY | |
| Note | Dix-huitième siècle | 51 | 1 | 2019-07-17 | p. XCVIII-XCVIII | 0070-6760 |
| 856 41 - ELECTRONIC LOCATION AND ACCESS | |
| Uniform Resource Identifier | <a href="https://shs.cairn.info/revue-dix-huitieme-siecle-2019-1-page-XCVIII?lang=fr&redirect-ssocas=7080">https://shs.cairn.info/revue-dix-huitieme-siecle-2019-1-page-XCVIII?lang=fr&redirect-ssocas=7080</a> |
Pas d'exemplaire disponible.




Réseaux sociaux